Designing research in the social sciences (Record no. 221798)
[ view plain ]
| 000 -LEADER | |
|---|---|
| fixed length control field | 01293nam a22002177a 4500 |
| 005 - DATE AND TIME OF LATEST TRANSACTION | |
| control field | 20220420154744.0 |
| 008 - FIXED-LENGTH DATA ELEMENTS--GENERAL INFORMATION | |
| fixed length control field | 220309b ||||| |||| 00| 0 eng d |
| 020 ## - INTERNATIONAL STANDARD BOOK NUMBER | |
| International Standard Book Number | 9781849205016 |
| 040 ## - CATALOGING SOURCE | |
| Transcribing agency | AL |
| 041 ## - LANGUAGE CODE | |
| Language code of text/sound track or separate title | eng |
| 082 ## - DEWEY DECIMAL CLASSIFICATION NUMBER | |
| Edition number | 23 |
| Classification number | 300.72 |
| Item number | MAGD |
| 100 ## - MAIN ENTRY--PERSONAL NAME | |
| Personal name | Martino Maggetti |
| 9 (RLIN) | 23246 |
| 245 ## - TITLE STATEMENT | |
| Title | Designing research in the social sciences |
| 260 ## - PUBLICATION, DISTRIBUTION, ETC. | |
| Place of publication, distribution, etc. | London |
| Name of publisher, distributor, etc. | Sage |
| Date of publication, distribution, etc. | 2013 |
| 300 ## - PHYSICAL DESCRIPTION | |
| Extent | 185p. |
| Other physical details | PB |
| Dimensions | 24x17cm. |
| 365 ## - TRADE PRICE | |
| Source of price type code | General |
| Price type code | VBI-1346 |
| Price amount | ₹2987.33 |
| Currency code | ₹ |
| Unit of pricing | ₹3983.10 |
| Price note | 25% |
| Price effective from | 21/02/2022 |
| 520 ## - SUMMARY, ETC. | |
| Summary, etc. | This innovative research design text will help you make informedchoices when carrying out your research project. Covering bothqualitative and quantitative approaches, and with examples drawnfrom a wide range of social science disciplines, the authorsexplain what is at stake when choosing a research design, anddiscuss the trade-offs that researchers have to make whenconsidering issues such as: causality; categories andclassification; meaning; levels of analysis; and, time. This bookwill appeal to students and researchers looking for an in-depthunderstanding of research design issues to help them design theirprojects in a thoughtful and responsible way.<br/> |
| 650 ## - SUBJECT ADDED ENTRY--TOPICAL TERM | |
| Topical term or geographic name entry element | Social Sciences |
| 9 (RLIN) | 23247 |
| 700 ## - ADDED ENTRY--PERSONAL NAME | |
| Personal name | Gilardi, Fabrizio; Radaelli, Claudio M |
| 9 (RLIN) | 23248 |
| 942 ## - ADDED ENTRY ELEMENTS (KOHA) | |
| Source of classification or shelving scheme | Dewey Decimal Classification |
| Koha item type | Book |
| Withdrawn status | Lost status | Source of classification or shelving scheme | Damaged status | Not for loan | Collection code | Home library | Current library | Date acquired | Source of acquisition | Cost, normal purchase price | Total Checkouts | Full call number | Barcode | Date last seen | Cost, replacement price | Price effective from | Koha item type |
|---|---|---|---|---|---|---|---|---|---|---|---|---|---|---|---|---|---|
| Dewey Decimal Classification | MAJMC | St Aloysius PG Library | St Aloysius PG Library | 03/05/2022 | Vidyarthi Books | 2987.33 | 300.72 MAGD | PG023705 | 08/24/2022 | 3983.10 | 02/21/2022 | Book |